• 首页
  • 本馆介绍
  • 公告通知
  • 最新文献
  • 馆藏检索
  • 电子资源
  • 读者导购
  • 参考咨询
  • 我的图书馆
  • 登录
  • 详细信息显示
  • 放入我的书架
  • 预约/预借图书
  • 作者相关作品
  • 分类相关作品
  • 丛书相关作品
  • 出版社相关作品

书目信息

  • 表格格式
  • 工作单格式
  • 卡片格式
题名:
外象内形
    
 
作者: 孟继兵 著
分册:  
出版信息: 北京   北京工业大学出版社  2021.4
页数: 153页
开本: 24cm
丛书名:
单 册:
中图分类: J306
科图分类:
主题词: 雕塑理论--艺术造型--研究
电子资源:
ISBN: 978-7-5639-6803-9
000 00892nam0 2200229 45
001 012001000605
005 20130909104204.0
010    @a978-7-5639-6803-9@dCNY50.00
100    @a20200804d2019 em y0chiy0110 ea
101 0  @achi
102    @aCN@b110000
105    @aa z 000yy
106    @ar
200 1  @a外象内形@Awai xiang nei xing@e雕塑语言的内心传达@f孟继兵著
210    @a北京@c北京工业大学出版社@d2021.4
215    @a153页@c图@d24cm
330    @a本书主要探讨雕塑及其造型变革、中国雕塑造型及转型、雕塑形象的视觉演变与视觉偏好、雕塑造型语言——“以形传神”的价值取向、雕塑形式语言——“形神兼备”的构造雕塑、雕塑材料语言——“外象內形”的心理物化,并以中外经典雕塑作品为例,解读雕塑语言对雕塑家内心世界的传达。
606 0  @a雕塑理论@x艺术造型@x研究
690    @aJ306@v5
701  0 @a孟继兵@Ameng ji bing@4著
801    @aCN@b江苏凤凰@c20211018
905    @b1340308-11@dJ306@e49@f4
    
    外象内形:雕塑语言的内心传达/孟继兵著.-北京:北京工业大学出版社,2021.4
    153页:图;24cm
    
    
    ISBN 978-7-5639-6803-9:CNY50.00
    本书主要探讨雕塑及其造型变革、中国雕塑造型及转型、雕塑形象的视觉演变与视觉偏好、雕塑造型语言——“以形传神”的价值取向、雕塑形式语言——“形神兼备”的构造雕塑、雕塑材料语言——“外象內形”的心理物化,并以中外经典雕塑作品为例,解读雕塑语言对雕塑家内心世界的传达。
●
相关链接 在E读中查询图书 在五车中查询图书 在当当中查询图书 在豆瓣中查询图书


正题名:外象内形     索取号:J306/49         预约/预借

序号 登录号 条形码 馆藏地/架位号 状态 备注
1 1340308   213403084   第一样本阅览室/ [索取号:J306/49] 在馆    
2 1340309   213403093   第一借阅区/ [索取号:J306/49] 在馆    
3 1340310   213403100   第一借阅区/ [索取号:J306/49] 在馆    
4 1340311   213403119   第一借阅区/ [索取号:J306/49] 在馆    
唐山师范学院图书馆 欢迎您!
大连网信软件有限公司© 版权所有